000 00435nam a22001697a 4500
003 OSt
005 20260606102736.0
008 260606b |||||||| |||| 00| 0 eng d
020 _a9789368080794
082 _a005.133 SOQ
100 _aSONI,Manish
245 _aQuickStart Coding with AI Examples in Python
250 _a1st Ed
260 _aMumbai
_bShroff Publishers and Distributors
_c2025
300 _a178p.
942 _2ddc
_cREF
999 _c14002
_d14002